000 00941nam a22002537a 4500
005 20170124103036.0
010 _aA-494656
020 _c25.00
035 _aA-494656
037 _bCen Lib/Ret
040 _aDPL
_bHN
082 _a
_bलोकबा
100 _aलोक बाबु
_92233
245 _aटीले पर चाँद /
_cलोक बाबु
246 _aTeele par chand /
_bby Lok Babu
260 _aइलाहाबाद
_bसत्येन्द्र प्रकाशन
_c1988
270 _bइलाहाबाद
_a30, पुराना अल्लापुर
_e211006
300 _a1083पृ.
_c17सेमी (सजिल्द)
650 _aहिंदी साहित्य
_965507
650 _aहिंदी उपन्यास
_965508
650 _aHindi literature
_965509
650 _aHindi fiction
_927248
942 _2ddc
_cHN
_h
_mलोकबा
999 _c116241
_d116241